Introducing RDA (Record no. 131691)
[ view plain ]
| 000 -LEADER | |
|---|---|
| fixed length control field | 01989nam a2200421 a 4500 |
| 082 04 - DEWEY DECIMAL CLASSIFICATION NUMBER | |
| Classification number | 025.3/2 |
| 100 1# - MAIN ENTRY--AUTHOR NAME | |
| Personal name | Oliver, Chris, |
| 245 10 - TITLE STATEMENT | |
| Title | Introducing RDA |
| 260 ## - PUBLICATION, DISTRIBUTION, ETC. (IMPRINT) | |
| Place of publication | Chicago : |
| Name of publisher | American Library Association, |
| Year of publication | 2010. |
| 300 ## - PHYSICAL DESCRIPTION | |
| Number of Pages | vii, 124 p. : |
| Other physical details | ill. |
| 490 1# - SERIES STATEMENT | |
| Series statement | ALA editions. Special reports |
| 505 0# - FORMATTED CONTENTS NOTE | |
| Formatted contents note | What is RDA? -- RDA and the international context -- FRBR and FRAD in RDA -- Continuity with AACR2 -- Where do we see changes? -- Implementing RDA -- Advantages, present and future. |
| 520 ## - SUMMARY, ETC. | |
| Summary, etc | Practical advice for catalogers and library administrators on how to make the transition from the Anglo-American cataloging rules (AACR) to Resource description and access (RDA). |
| 650 #0 - SUBJECT ADDED ENTRY--TOPICAL TERM | |
| Topical Term | Descriptive cataloging |
| Topical Term | Cataloging |
| 856 40 - ELECTRONIC LOCATION AND ACCESS | |
| Uniform Resource Identifier | http://site.ebrary.com/lib/rucke/Doc?id=10469293 |
No items available.
